书目信息 |
| 题名: |
新编汽车驾驶员自学读本
|
|
| 作者: | 罗俊杰 , 田边 主编 | |
| 分册: | ||
| 出版信息: | 北京 金盾出版社 2005 |
|
| 页数: | 13,553页 | |
| 开本: | 21cm | |
| 丛书名: | ||
| 单 册: | ||
| 中图分类: | U471.3 | |
| 科图分类: | ||
| 主题词: | 汽车 , 驾驶员 , 汽车--驾驶员--基本知识 | |
| 电子资源: | ||
| ISBN: | 7-5082-3745-5 | |
| 000 | 00823nam0 2200265 450 | |
| 001 | 003004221 | |
| 005 | 20061123093308.31 | |
| 010 | @a7-5082-3745-5@dCNY31.00 | |
| 100 | @a20050119d2005 em y0chiy0110 ea | |
| 101 | 0 | @achi |
| 102 | @aCN@b110000 | |
| 105 | @aa z 000yy | |
| 200 | 1 | @a新编汽车驾驶员自学读本@9xin bian qi che jia shi yuan zi xue du ben@f罗俊杰,田边主编 |
| 205 | @a修订版 | |
| 210 | @a北京@c金盾出版社@d2005 | |
| 215 | @a13,553页@c图(16页)@d21cm | |
| 330 | @a本书主要内容详细讲述了遵守交通法规预防交通事故、汽车驾驶技术、机械常识和汽车动输及油材料常识。 | |
| 606 | 0 | @a汽车 |
| 606 | 0 | @a驾驶员 |
| 606 | 0 | @a汽车@x驾驶员@x基本知识 |
| 690 | @aU471.3@v4 | |
| 701 | 0 | @a罗俊杰@9luo jun jie@4主编 |
| 701 | 0 | @a田边@9tian bian@4主编 |
| 801 | 0 | @aCN@bNLC@c20061123 |
| 905 | @a10447@dU471.3@e143=3 | |
| 新编汽车驾驶员自学读本/罗俊杰,田边主编.-修订版.-北京:金盾出版社,2005 |
| 13,553页:图(16页);21cm |
| ISBN 7-5082-3745-5:CNY31.00 |
| 本书主要内容详细讲述了遵守交通法规预防交通事故、汽车驾驶技术、机械常识和汽车动输及油材料常识。 |
| ● |
| 相关链接 |
|
|
|
|
正题名:新编汽车驾驶员自学读本
索取号:U471.3/143=3
 
预约/预借
| 序号 | 登录号 | 条形码 | 馆藏地/架位号 | 状态 | 备注 |
| 1 | 0390106 | 203901064 | 第二样本阅览室/ [索取号:U471.3/143=3] | 在馆 | |
| 2 | 0390107 | 203901073 | 第三借阅区/ [索取号:U471.3/143=3] | 在馆 | |
| 3 | 0390108 | 203901082 | 第三借阅区/ [索取号:U471.3/143=3] | 在馆 | |
| 4 | 0390109 | 203901091 | 第三借阅区/ [索取号:U471.3/143=3] | 在馆 | |
| 5 | 0390110 | 203901108 | 第三借阅区/ [索取号:U471.3/143=3] | 在馆 |